[Event "GER-ch Net Amateur Gr-B Vor1"]
[Site "Playchess.com INT"]
[Date "2020.04.14"]
[Round "7"]
[White "Lachenmaier, Stefan"]
[Black "Urban, Michael"]
[Result "1/2-1/2"]
[WhiteElo "1755"]
[BlackElo "1684"]
[PlyCount "107"]
[EventDate "2020.04.14"]
[EventType "swiss (blitz)"]
[EventRounds "9"]
[EventCountry "GER"]
[SourceTitle "EXT 2021"]
[Source "ChessBase"]
[SourceDate "2020.10.23"]
[SourceVersion "1"]
[SourceVersionDate "2020.10.23"]
[SourceQuality "1"]

1. e4 d5 2. exd5 Qxd5 3. Nc3 Qd6 4. d4 Nf6 5. Be3 c6 6. Nf3 Bg4 7. Be2 Nbd7 8. h3 Bh5 9. Qd2 e6 10. Bf4 Qb4 11. 0-0-0 Bd6 12. a3 Bxf4 13. Qxf4 Qa5 14. Ne5 0-0-0 15. Nc4 Qc7 16. Qxc7+ Kxc7 17. g4 Bg6 18. f4 Rhe8 19. Ne5 Nxe5 20. dxe5 Ne4 21. Nxe4 Bxe4 22. Rhg1 c5 23. Bd3 Bxd3 24. cxd3 Rd4 25. Rgf1 Red8 26. Kc2 b5 27. b3 Kc6 28. f5 R4d5 29. fxe6 fxe6 30. Rf7 R8d7 31. Rxd7 Kxd7 32. Re1 Ke7 33. Re4 Kf7 34. h4 Kg6 35. Kc3 h5 36. gxh5+ Kxh5 37. b4 cxb4+ 38. axb4 Kg6 39. d4 Rd8 40. Rg4+ Kf7 41. h5 Rc8+ 42. Kb3 Rc1 43. Rf4+ Ke7 44. Rg4 Kf7 45. Rf4+ Kg8 46. h6 gxh6 47. Rf6 Rc4 48. Rxh6 Rxd4 49. Rxe6 Rd5 50. Re7 a6 51. Re6 Kf8 52. Rxa6 Rxe5 53. Rb6 Ke7 54. Kc3 1/2-1/2

[Event "GER-ch Net Amateur Gr-B Vor1"]
[Site "Playchess.com INT"]
[Date "2020.04.14"]
[Round "8"]
[White "Urban, Michael"]
[Black "Brunner, Sophia"]
[Result "1-0"]
[WhiteElo "1684"]
[BlackElo "1869"]
[PlyCount "129"]
[EventDate "2020.04.14"]
[EventType "swiss (blitz)"]
[EventRounds "9"]
[EventCountry "GER"]
[SourceTitle "EXT 2021"]
[Source "ChessBase"]
[SourceDate "2020.10.23"]
[SourceVersion "1"]
[SourceVersionDate "2020.10.23"]
[SourceQuality "1"]

1. d4 Nf6 2. Bf4 e6 3. e3 d5 4. Nd2 Bd6 5. Bg3 c5 6. c3 Nc6 7. Ngf3 Qc7 8. dxc5 Bxg3 9. hxg3 a5 10. Nd4 Ne5 11. b4 Neg4 12. Nb5 Qd7 13. Nd6+ Ke7 14. Be2 Nh6 15. g4 Ne8 16. Bb5 Qc7 17. Nxe8 Rxe8 18. Bxe8 Kxe8 19. 0-0 e5 20. g5 Ng4 21. g3 e4 22. Nb3 Nxe3 23. Qd4 Nxf1 24. Rxf1 axb4 25. cxb4 Kf8 26. Qxd5 Rxa2 27. Qxe4 Be6 28. Nd4 Bh3 29. Re1 Qd7 30. Nb5 g6 31. Nd6 Bf5 32. Qe5 Kg8 33. Qf6 Be6 34. Qf3 Rb2 35. Qxb7 Qxb7 36. Nxb7 Rxb4 37. Nd8 Bf5 38. Rc1 Rb8 39. Nc6 Rc8 40. Ne7+ Kg7 41. Nxc8 Bxc8 42. Rd1 Be6 43. f4 Kf8 44. Kf2 Ke7 45. Ke3 f6 46. gxf6+ Kxf6 47. Ra1 h6 48. c6 g5 49. fxg5+ hxg5 50. c7 Ke7 51. Ra6 Bc8 52. Rc6 g4 53. Rc4 Kd6 54. Kf4 Kd5 55. Rc1 Kd6 56. Kg5 Ke7 57. Rc4 Kd6 58. Rxg4 Kxc7 59. Rc4+ Kd7 60. Rxc8 Kxc8 61. Kf6 Kd7 62. Kf7 Kd6 63. g4 Ke5 64. g5 Kf5 65. g6 1-0

[Event "GER-ch Net Amateur Gr-B Vor1"]
[Site "Playchess.com INT"]
[Date "2020.04.14"]
[Round "6"]
[White "Urban, Michael"]
[Black "Roesl, Martin"]
[Result "1-0"]
[WhiteElo "1684"]
[BlackElo "1620"]
[PlyCount "45"]
[EventDate "2020.04.14"]
[EventType "swiss (blitz)"]
[EventRounds "9"]
[EventCountry "GER"]
[SourceTitle "EXT 2021"]
[Source "ChessBase"]
[SourceDate "2020.10.23"]
[SourceVersion "1"]
[SourceVersionDate "2020.10.23"]
[SourceQuality "1"]

1. d4 Nf6 2. Bf4 d6 3. Nc3 g6 4. e4 Bg7 5. Qd2 0-0 6. 0-0-0 c6 7. h4 h5 8. Be2 Nbd7 9. f3 Nb6 10. g4 hxg4 11. fxg4 Nxg4 12. Nh3 Bd7 13. Rdg1 Nf6 14. h5 e5 15. dxe5 dxe5 16. Bg5 Bxh3 17. Rxh3 Qxd2+ 18. Bxd2 Rad8 19. hxg6 fxg6 20. Rhg3 Nbd7 21. Rxg6 Rf7 22. Bc4 Rdf8 23. Rxg7+ 1-0

[Event "Mittelrhein Verbandsliga-N 18/19"]
[Site "Nordrheinwestfalen"]
[Date "2018.12.16"]
[Round "5.7"]
[White "Urban, Michael"]
[Black "Mueller, Dominik"]
[Result "0-1"]
[WhiteElo "1725"]
[BlackElo "1790"]
[PlyCount "112"]
[EventDate "2018.09.02"]
[EventType "team-tourn"]
[EventRounds "12"]
[EventCountry "GER"]
[SourceTitle "EXT 2022"]
[Source "ChessBase"]
[SourceDate "2021.10.06"]
[SourceVersion "1"]
[SourceVersionDate "2021.10.06"]
[SourceQuality "1"]
[WhiteTeam "Eikamp ISVFB"]
[BlackTeam "Godesberg III"]
[WhiteTeamCountry "GER"]
[BlackTeamCountry "GER"]

1. d4 Nf6 2. Bg5 d5 3. Nd2 Bf5 4. e3 e6 5. c4 Be7 6. Qb3 Nbd7 7. Ngf3 h6 8. Bh4 0-0 9. Bd3 Bxd3 10. Qxd3 c5 11. 0-0 dxc4 12. Qxc4 cxd4 13. Qxd4 Nd5 14. Bxe7 Qxe7 15. Rac1 Rfd8 16. Rfd1 N7b6 17. a3 Rac8 18. h3 Nc3 19. Qxc3 Rxc3 20. Rxc3 Na4 21. Rc2 Nc5 22. Rdc1 Nd3 23. Rc7 Rd7 24. Rc8+ Kh7 25. R1c2 e5 26. R8c4 f5 27. Rc8 e4 28. Nd4 f4 29. Nf1 Qf6 30. Re8 Ne1 31. Rcc8 Qg5 32. g3 fxg3 33. fxg3 Qh5 34. Ne6 Rf7 35. Nf8+ Rxf8 36. Rxf8 Qxh3 37. Kf2 Nd3+ 38. Kg1 Qg4 39. Rc7 Ne5 40. Rf4 Qe2 41. Rf2 Qd1 42. Rxb7 Nf3+ 43. Kg2 Ng5 44. Nh2 Qh5 45. Rb4 Qh3+ 46. Kg1 Qxg3+ 47. Kf1 Qxe3 48. Rb7 Qd3+ 49. Kg2 e3 50. Rf3 Qc2+ 51. Kg3 Ne4+ 52. Kf4 Nd6 53. Rb4 Qxh2+ 54. Kxe3 Qe5+ 55. Kf2 a5 56. Rbb3 Ne4+ 0-1

[Event "Landesliga Sued 0405"]
[Site "Bayern"]
[Date "2005.01.16"]
[Round "5.7"]
[White "Lautner, Josef"]
[Black "Urban, Michael"]
[Result "1-0"]
[WhiteElo "2162"]
[BlackElo "2099"]
[PlyCount "67"]
[EventDate "2004.10.24"]
[EventType "team-tourn"]
[EventRounds "9"]
[EventCountry "GER"]
[SourceTitle "EXT 2007"]
[Source "ChessBase"]
[SourceDate "2006.11.23"]
[SourceVersion "1"]
[SourceVersionDate "2006.11.23"]
[SourceQuality "1"]
[WhiteTeam "Waldkirchen"]
[BlackTeam "Bayern Muenchen II"]
[WhiteTeamCountry "GER"]
[BlackTeamCountry "GER"]

1. d4 f5 2. c4 Nf6 3. Nf3 g6 4. Nc3 Bg7 5. Qc2 0-0 6. Bg5 b6 7. e4 fxe4 8. Nxe4 Bb7 9. Ng3 e6 10. h4 Nc6 11. h5 Qe8 12. hxg6 hxg6 13. 0-0-0 Nh7 14. Rxh7 Kxh7 15. Bd3 Rf5 16. Nxf5 gxf5 17. Bxf5+ exf5 18. Qxf5+ Kg8 19. Rh1 Qf7 20. Qh7+ Kf8 21. Rh4 Qxc4+ 22. Kd1 Qf1+ 23. Ne1 Qxf2 24. Rf4+ Qxf4 25. Bxf4 d6 26. Bh6 Bxh6 27. Qxh6+ Ke7 28. Qg7+ Kd8 29. Nf3 Ne7 30. Qh8+ Kd7 31. Qh3+ Kc6 32. Qe6 Nd5 33. Ne5+ Kb5 34. Qd7+ 1-0

[Event "Landesliga Sued 0405"]
[Site "Bayern"]
[Date "2004.10.24"]
[Round "1.7"]
[White "Bauer, Robert1111"]
[Black "Urban, Michael"]
[Result "1/2-1/2"]
[WhiteElo "2032"]
[BlackElo "2099"]
[PlyCount "31"]
[EventDate "2004.10.24"]
[EventType "team-tourn"]
[EventRounds "9"]
[EventCountry "GER"]
[SourceTitle "EXT 2007"]
[Source "ChessBase"]
[SourceDate "2006.11.23"]
[SourceVersion "1"]
[SourceVersionDate "2006.11.23"]
[SourceQuality "1"]
[WhiteTeam "Freising"]
[BlackTeam "Bayern Muenchen II"]
[WhiteTeamCountry "GER"]
[BlackTeamCountry "GER"]

1. e4 e5 2. Bc4 Nc6 3. f4 exf4 4. Nf3 g5 5. d4 Bg7 6. c3 d6 7. 0-0 h6 8. Qa4 Kf8 9. b4 Nf6 10. b5 Ne7 11. e5 Ne4 12. Ba3 Bf5 13. Qb3 Bg6 14. g3 Nf5 15. Re1 Ne3 16. Nbd2 1/2-1/2

[Event "Landesliga Sued 0304"]
[Site "Bayern"]
[Date "2004.03.07"]
[Round "7.4"]
[White "Urban, Michael"]
[Black "Geberl, Hans Walter"]
[Result "0-1"]
[WhiteElo "2136"]
[BlackElo "2195"]
[PlyCount "64"]
[EventDate "2003.10.12"]
[EventType "team-tourn"]
[EventRounds "9"]
[EventCountry "GER"]
[SourceTitle "EXT 2006"]
[Source "ChessBase"]
[SourceDate "2005.11.24"]
[SourceVersion "1"]
[SourceVersionDate "2005.11.24"]
[SourceQuality "1"]
[WhiteTeam "Bayern Muenchen II"]
[BlackTeam "Ingolstadt"]
[WhiteTeamCountry "GER"]
[BlackTeamCountry "GER"]

1. e4 c5 2. Nf3 Nc6 3. c3 Nf6 4. e5 Nd5 5. d4 cxd4 6. Bc4 Nb6 7. Bb3 d5 8. exd6 Qxd6 9. 0-0 Be6 10. Bxe6 Qxe6 11. Nxd4 Qd7 12. Nxc6 Qxc6 13. Nd2 g6 14. Qf3 Bg7 15. Qxc6+ bxc6 16. Nf3 0-0 17. Bg5 e6 18. a4 c5 19. a5 Nc4 20. Rfb1 Rab8 21. b3 Ne5 22. Nxe5 Bxe5 23. Bd2 Rfd8 24. Ra2 Rd3 25. Rc2 c4 26. b4 Rbd8 27. Be1 a6 28. Kf1 R8d5 29. b5 Rxb5 30. Rxb5 axb5 31. Rb2 Rd1 32. Ke2 Rxe1+ 0-1

[Event "Landesliga Sued 0203"]
[Site "Bayern"]
[Date "2003.03.30"]
[Round "9.3"]
[White "Schneider, Richard1111"]
[Black "Urban, Michael"]
[Result "1/2-1/2"]
[WhiteElo "2167"]
[BlackElo "2133"]
[PlyCount "48"]
[EventDate "2002.10.20"]
[EventType "team-tourn"]
[EventRounds "9"]
[EventCountry "GER"]
[SourceTitle "EXT 2004"]
[Source "ChessBase"]
[SourceDate "2003.11.25"]
[SourceVersion "1"]
[SourceVersionDate "2003.11.25"]
[SourceQuality "1"]
[WhiteTeam "Graefelfing"]
[BlackTeam "Bayern Muenchen II"]
[WhiteTeamCountry "GER"]
[BlackTeamCountry "GER"]

1. Nf3 f5 2. c4 Nf6 3. g3 g6 4. b3 Bg7 5. Bb2 0-0 6. Bg2 d6 7. 0-0 e5 8. d3 Nc6 9. Nc3 h6 10. e3 Be6 11. Qe2 Qe8 12. Ne1 Qf7 13. Nc2 Rae8 14. b4 e4 15. Nd5 Nxd5 16. Bxg7 Kxg7 17. cxd5 Bxd5 18. Rfd1 exd3 19. Qxd3 Bxg2 20. Kxg2 Qf6 21. b5 Nd8 22. Nb4 Ne6 23. Nd5 Qe5 24. Rac1 Rf7 1/2-1/2

[Event "Landesliga Sued 0203"]
[Site "Bayern"]
[Date "2003.01.26"]
[Round "5.2"]
[White "Urban, Michael"]
[Black "Klundt, Klaus"]
[Result "1/2-1/2"]
[WhiteElo "2133"]
[BlackElo "2310"]
[PlyCount "53"]
[EventDate "2002.10.20"]
[EventType "team-tourn"]
[EventRounds "9"]
[EventCountry "GER"]
[SourceTitle "EXT 2004"]
[Source "ChessBase"]
[SourceDate "2003.11.25"]
[SourceVersion "1"]
[SourceVersionDate "2003.11.25"]
[SourceQuality "1"]
[WhiteTeam "Bayern Muenchen II"]
[BlackTeam "Tegernsee II"]
[WhiteTeamCountry "GER"]
[BlackTeamCountry "GER"]

1. e4 c5 2. Nf3 e6 3. c3 d5 4. exd5 exd5 5. d4 Nc6 6. Be3 Qb6 7. Qe2 Be6 8. dxc5 Bxc5 9. Bxc5 Qxc5 10. Nbd2 Nf6 11. Nb3 Qd6 12. g3 0-0-0 13. 0-0-0 Rhe8 14. Qc2 Bg4 15. Bg2 Ne4 16. Nbd4 Kb8 17. Rde1 Bxf3 18. Nxf3 d4 19. Rxe4 d3 20. Qa4 d2+ 21. Nxd2 Qxd2+ 22. Kb1 Qxf2 23. Rxe8 Rxe8 24. Bxc6 Re1+ 25. Rxe1 Qxe1+ 26. Kc2 Qe2+ 27. Kb3 1/2-1/2

[Event "Landesliga Sued 0102"]
[Site "Bayern"]
[Date "2002.02.03"]
[Round "5.4"]
[White "Urban, Michael"]
[Black "Juettner, Andreas"]
[Result "1-0"]
[WhiteElo "2100"]
[BlackElo "2135"]
[PlyCount "55"]
[EventDate "2001.10.07"]
[EventType "team-tourn"]
[EventRounds "9"]
[EventCountry "GER"]
[SourceTitle "EXT 2003"]
[Source "ChessBase"]
[SourceDate "2002.11.25"]
[SourceVersion "1"]
[SourceVersionDate "2002.11.25"]
[SourceQuality "1"]
[WhiteTeam "Bayern Muenchen II"]
[BlackTeam "Fuerstenfeldbruck"]
[WhiteTeamCountry "GER"]
[BlackTeamCountry "GER"]

1. e4 e6 2. d4 d5 3. Nc3 Bb4 4. Bd3 dxe4 5. Bxe4 Nf6 6. Bf3 c5 7. Nge2 Nc6 8. Be3 e5 9. Bxc6+ bxc6 10. dxe5 Nd5 11. Bd2 Bxc3 12. Nxc3 Ba6 13. Ne4 Qe7 14. Nd6+ Kf8 15. f4 Rd8 16. Kf2 g6 17. Re1 Kg7 18. Kg1 h5 19. c4 Nb6 20. b3 Nc8 21. Bc3 Kh7 22. Qf3 Qc7 23. Ne4 Ne7 24. Ng5+ Kg7 25. e6+ f6 26. Nf7 Bc8 27. Nxh8 Rxh8 28. Bxf6+ 1-0

[Event "Landesliga Sued 0102"]
[Site "Bayern"]
[Date "2001.10.07"]
[Round "1.4"]
[White "Urban, Michael"]
[Black "Schuster, Karsten"]
[Result "1/2-1/2"]
[WhiteElo "2100"]
[BlackElo "2140"]
[PlyCount "163"]
[EventDate "2001.10.07"]
[EventType "team-tourn"]
[EventRounds "9"]
[EventCountry "GER"]
[SourceTitle "EXT 2003"]
[Source "ChessBase"]
[SourceDate "2002.11.25"]
[SourceVersion "1"]
[SourceVersionDate "2002.11.25"]
[SourceQuality "1"]
[WhiteTeam "Bayern Muenchen II"]
[BlackTeam "Tuerkheim/Bad Woerishofen"]
[WhiteTeamCountry "GER"]
[BlackTeamCountry "GER"]

1. e4 c6 2. d4 d5 3. Nc3 dxe4 4. Nxe4 Nd7 5. Nf3 Ngf6 6. Ng3 e6 7. Bd3 c5 8. c3 cxd4 9. Nxd4 Bc5 10. 0-0 0-0 11. Qe2 Re8 12. Nb3 Bd6 13. Bg5 h6 14. Be3 Qc7 15. Rad1 b6 16. Nd4 a6 17. Qd2 Bb7 18. Rfe1 Ng4 19. Be2 Nxe3 20. Qxe3 Bf4 21. Qd3 Ne5 22. Qc2 b5 23. Nf3 Rac8 24. Nxe5 Bxe5 25. Bf3 Bxf3 26. gxf3 b4 27. Qe2 Bxg3 28. hxg3 bxc3 29. bxc3 Qxc3 30. Kg2 a5 31. Rd3 Qc2 32. Rd2 Qc4 33. Qe3 Red8 34. Red1 Rxd2 35. Rxd2 a4 36. Qa7 Rc7 37. Qe3 Kh7 38. Qe5 Rc5 39. Qe3 Rd5 40. a3 Qb3 41. Qxb3 axb3 42. Rb2 Rb5 43. a4 Ra5 44. Rxb3 Rxa4 45. Rb7 Kg6 46. Rc7 Kf6 47. Rb7 g5 48. g4 Rf4 49. Kg3 Kg6 50. Rb6 h5 51. gxh5+ Kxh5 52. Rb5 f6 53. Rb6 e5 54. Rb5 Kg6 55. Ra5 Kf5 56. Rb5 Ra4 57. Rb3 Rd4 58. Ra3 Ke6 59. Rb3 f5 60. Ra3 Rd6 61. Rb3 Kf6 62. Ra3 Kg6 63. Ra5 Kf6 64. Ra3 Rd5 65. Ra6+ Kg7 66. Ra3 Kg6 67. Ra8 Rd3 68. Rg8+ Kh6 69. Kg2 Rd4 70. Kg3 Rd2 71. Re8 Re2 72. Rf8 Kg6 73. Rg8+ Kf6 74. Rf8+ Ke6 75. Rg8 f4+ 76. Kg2 Kf6 77. Rf8+ Kg7 78. Ra8 e4 79. fxe4 g4 80. Kf1 f3 81. Kg1 Kf7 82. Ra6 1/2-1/2

[Event "Oberliga Bayern 9900"]
[Site "Bayern"]
[Date "2000.04.09"]
[Round "9.8"]
[White "Urban, Michael"]
[Black "Albrecht, Hans"]
[Result "1/2-1/2"]
[WhiteElo "2110"]
[BlackElo "2091"]
[PlyCount "52"]
[EventDate "1999.10.10"]
[EventType "team-tourn"]
[EventRounds "9"]
[EventCountry "GER"]
[SourceTitle "EXT 2020"]
[Source "ChessBase"]
[SourceDate "2019.10.17"]
[SourceVersion "1"]
[SourceVersionDate "2019.10.17"]
[SourceQuality "1"]
[WhiteTeam "Muenchen FC Bayern"]
[BlackTeam "Nuernberg Noris Tarrasch"]
[WhiteTeamCountry "GER"]
[BlackTeamCountry "GER"]

1. e4 e6 2. d4 d5 3. Nc3 Bb4 4. Bd3 dxe4 5. Bxe4 Nf6 6. Bf3 Nbd7 7. Nge2 0-0 8. 0-0 c6 9. Bf4 Qe7 10. Re1 Rd8 11. a3 Bd6 12. Bg5 h6 13. Bh4 Qe8 14. Qd3 Be7 15. Bg3 Nf8 16. Rad1 Ng6 17. Qc4 Bd6 18. Ne4 Nxe4 19. Bxe4 Bxg3 20. hxg3 Nf8 21. Nf4 Qd7 22. Bf3 Qd6 23. c3 Bd7 24. Nd3 Be8 25. Nc5 Qc7 26. Nd3 Rac8 1/2-1/2

[Event "Oberliga Bayern 9900"]
[Site "Bayern"]
[Date "1999.12.12"]
[Round "3.7"]
[White "Urban, Michael"]
[Black "Zellner, Richard"]
[Result "0-1"]
[WhiteElo "2115"]
[BlackElo "2205"]
[PlyCount "42"]
[EventDate "1999.10.10"]
[EventType "team-tourn"]
[EventRounds "9"]
[EventCountry "GER"]
[SourceTitle "EXT 2020"]
[Source "ChessBase"]
[SourceDate "2019.10.17"]
[SourceVersion "1"]
[SourceVersionDate "2019.10.17"]
[SourceQuality "1"]
[WhiteTeam "Muenchen FC Bayern"]
[BlackTeam "Schwabing SG Nord"]
[WhiteTeamCountry "GER"]
[BlackTeamCountry "GER"]

1. e4 g6 2. d4 Bg7 3. Nf3 d6 4. c3 Nf6 5. Bd3 0-0 6. 0-0 Nc6 7. h3 e5 8. Be3 Nh5 9. Na3 h6 10. dxe5 dxe5 11. Qd2 Kh7 12. Bc5 Re8 13. Nc2 Nf4 14. Bc4 Qf6 15. Qe3 b6 16. Ba3 Na5 17. Bb5 c6 18. Be2 h5 19. Rfd1 Bh6 20. Rd6 Re6 21. Rxe6 Bxe6 0-1

[Event "Oberliga Bayern 9899"]
[Site "Bayern"]
[Date "1998.11.15"]
[Round "3.8"]
[White "Urban, Michael"]
[Black "Zellner, Richard"]
[Result "0-1"]
[WhiteElo "2115"]
[BlackElo "2160"]
[PlyCount "42"]
[EventDate "1998.10.11"]
[EventType "team-tourn"]
[EventRounds "9"]
[EventCountry "GER"]
[SourceTitle "EXT 2020"]
[Source "ChessBase"]
[SourceDate "2019.10.17"]
[SourceVersion "1"]
[SourceVersionDate "2019.10.17"]
[SourceQuality "1"]
[WhiteTeam "Muenchen FC Bayern"]
[BlackTeam "Milbertshofen (SG Schwabing)"]
[WhiteTeamCountry "GER"]
[BlackTeamCountry "GER"]

1. e4 g6 2. d4 Bg7 3. Nf3 d6 4. h3 Nf6 5. Bd3 0-0 6. 0-0 Nc6 7. c3 e5 8. Re1 Nh5 9. Be3 h6 10. Nbd2 Kh8 11. Nb3 Qf6 12. Qd2 g5 13. Nh2 Nf4 14. Bxf4 gxf4 15. Nf3 Rg8 16. Kh2 Qg6 17. Rg1 Bf6 18. Qe2 Qh5 19. Ne1 Bg4 20. f3 Bd7 21. Bb5 Rg3 0-1

[Event "Oberliga Bayern 9596"]
[Site "Bayern"]
[Date "1996.??.??"]
[Round "?"]
[White "Haag, Wolfgang"]
[Black "Urban, Michael"]
[Result "1/2-1/2"]
[WhiteElo "2315"]
[BlackElo "2195"]
[PlyCount "86"]
[EventDate "1995.10.15"]
[EventType "team-tourn"]
[EventRounds "9"]
[EventCountry "GER"]
[SourceTitle "EXT 2020"]
[Source "ChessBase"]
[SourceDate "2019.10.17"]
[SourceVersion "1"]
[SourceVersionDate "2019.10.17"]
[SourceQuality "1"]
[WhiteTeam "Marktheidenfeld"]
[BlackTeam "Muenchen FC Bayern"]
[WhiteTeamCountry "GER"]
[BlackTeamCountry "GER"]

1. d4 f5 2. Qd3 d5 3. Bf4 Nf6 4. Nf3 g6 5. c4 Bg7 6. Nc3 c6 7. g3 e6 8. Bg2 0-0 9. 0-0 Nbd7 10. Bd6 Re8 11. Ne5 Ne4 12. Nxe4 fxe4 13. Qc3 Nxe5 14. Bxe5 Bxe5 15. dxe5 Bd7 16. f3 exf3 17. exf3 Qb6+ 18. c5 Qc7 19. a4 b6 20. f4 bxc5 21. Qxc5 Qb6 22. Qxb6 axb6 23. Rfc1 Rec8 24. b4 Ra7 25. Bf3 Rca8 26. Bd1 Ra6 27. Kf2 Kf7 28. Ke3 Ke7 29. Ra2 Kd8 30. g4 c5 31. bxc5 bxc5 32. Rxc5 Bxa4 33. Bf3 Bb3 34. Rxa6 Rxa6 35. Be2 Ra2 36. h4 Rc2 37. Rxc2 Bxc2 38. Kd4 Ke7 39. Kc5 Be4 40. g5 Bc2 41. h5 Be4 42. hxg6 hxg6 43. Bb5 Bc2 1/2-1/2

[Event "Oberliga Bayern 9596"]
[Site "Bayern"]
[Date "1996.??.??"]
[Round "?"]
[White "Urban, Michael"]
[Black "Albrecht, Hans"]
[Result "1-0"]
[WhiteElo "2195"]
[BlackElo "2091"]
[PlyCount "83"]
[EventDate "1995.10.15"]
[EventType "team-tourn"]
[EventRounds "9"]
[EventCountry "GER"]
[SourceTitle "EXT 2020"]
[Source "ChessBase"]
[SourceDate "2019.10.17"]
[SourceVersion "1"]
[SourceVersionDate "2019.10.17"]
[SourceQuality "1"]
[WhiteTeam "Muenchen FC Bayern"]
[BlackTeam "Nuernberg Noris Tarrasch"]
[WhiteTeamCountry "GER"]
[BlackTeamCountry "GER"]

1. e4 e6 2. d4 d5 3. Nc3 Bb4 4. Bd3 dxe4 5. Bxe4 Nf6 6. Bf3 0-0 7. Nge2 Nbd7 8. 0-0 c6 9. Qd3 Qc7 10. Bg5 h6 11. Bh4 Bd6 12. h3 Re8 13. Rfd1 Rb8 14. Qc4 Nb6 15. Qb3 Nbd5 16. Bg3 Bxg3 17. Nxg3 b6 18. Nce4 Nxe4 19. Nxe4 Ne7 20. Qa3 Rd8 21. Ng3 Bb7 22. Be4 Rd7 23. Rd3 Rbd8 24. Rad1 Nd5 25. Bxd5 Rxd5 26. c4 R5d7 27. c5 bxc5 28. dxc5 Rxd3 29. Rxd3 Rxd3 30. Qxd3 f5 31. Qb3 Bc8 32. Nxf5 Kh8 33. Nd6 Bd7 34. Qd3 e5 35. Qg6 Qa5 36. Nf7+ Kg8 37. Nxh6+ Kh8 38. Nf7+ Kg8 39. Ng5 Qe1+ 40. Kh2 Qxf2 41. Qh7+ Kf8 42. Qh8+ 1-0

[Event "Bayern-chA 66th"]
[Site "Wuerzburg"]
[Date "1995.??.??"]
[Round "9"]
[White "Eckstein, Bernd"]
[Black "Urban, Michael"]
[Result "1-0"]
[WhiteElo "2161"]
[BlackElo "2138"]
[PlyCount "107"]
[EventDate "1995.08.27"]
[EventType "swiss"]
[EventRounds "9"]
[EventCountry "GER"]
[SourceTitle "EXT 1999"]
[Source "ChessBase"]
[SourceDate "1998.11.16"]
[SourceVersion "1"]
[SourceVersionDate "1998.11.16"]
[SourceQuality "1"]

1. d4 f5 2. g3 Nf6 3. Bg2 g6 4. Nh3 d5 5. 0-0 Bg7 6. Nf4 0-0 7. c3 c6 8. Nd3 Nbd7 9. Nd2 Ne4 10. Nf3 Nd6 11. Bf4 Nf7 12. Qc1 Qe8 13. Be5 Nfxe5 14. Nfxe5 Bxe5 15. dxe5 Nb6 16. a4 a5 17. Qe3 Nc4 18. Qh6 e6 19. b3 Nb6 20. Qe3 Nd7 21. Rfb1 b6 22. b4 Ba6 23. b5 cxb5 24. axb5 Bb7 25. c4 Rc8 26. cxd5 Bxd5 27. Bxd5 exd5 28. e6 Nc5 29. Nxc5 Rxc5 30. Rxa5 d4 31. Qxd4 Qxe6 32. Ra7 Qf6 33. Qf4 Rfc8 34. Rd1 g5 35. Qf3 R5c7 36. Rd7 Rxa7 37. Qd5+ Kh8 38. Rxa7 Rf8 39. Qd7 Qg6 40. Qe7 Re8 41. Qd7 Rf8 42. Rc7 f4 43. Qd4+ Kg8 44. Rb7 fxg3 45. hxg3 Qf6 46. Qxb6 Qa1+ 47. Kg2 Qe5 48. Qc6 Qd4 49. e3 Qb2 50. Qd5+ Kh8 51. Qd4+ Qxd4 52. exd4 Rd8 53. b6 Rxd4 54. Rc7 1-0

[Event "Oberliga Bayern 9495"]
[Site "Bayern"]
[Date "1995.??.??"]
[Round "?.5"]
[White "Heinz, Juergen"]
[Black "Urban, Michael"]
[Result "1/2-1/2"]
[WhiteElo "2270"]
[BlackElo "2235"]
[PlyCount "28"]
[EventDate "1994.10.09"]
[EventType "team-tourn"]
[EventRounds "9"]
[EventCountry "GER"]
[SourceTitle "EXT 2020"]
[Source "ChessBase"]
[SourceDate "2019.10.17"]
[SourceVersion "1"]
[SourceVersionDate "2019.10.17"]
[SourceQuality "1"]
[WhiteTeam "Hof SK"]
[BlackTeam "Muenchen FC Bayern II"]
[WhiteTeamCountry "GER"]
[BlackTeamCountry "GER"]

1. Nf3 f5 2. d3 d6 3. e4 e5 4. Bg5 Be7 5. Bxe7 Qxe7 6. Nc3 Nf6 7. Qd2 Nc6 8. 0-0-0 0-0 9. Kb1 a6 10. exf5 Bxf5 11. a4 Be6 12. Ng5 Nd5 13. Nxe6 Nxc3+ 14. bxc3 Qxe6 1/2-1/2